000 006130000a22001930004500
003 LK-CoMWRAF
005 20240315101206.0
008 230817t2002 ||||| |||| 00| 0 eng d
040 _aLK-CoMWRAF
_dLK-CoMWRAF
_eLK-CoMWRAF
041 _atam
082 _a305.8
_bNAJ
100 _aநஜிமுதீன், ஏ.எம்
_vNajimudeen, A.M
245 _aமுஸ்லிம்களும் கலவரச் சூழலும் (1815-1915)
246 _aMuslimgalum Kalavarach Choolalum (1815-1915)
260 _aMatale:
_bAuthor,
_c2002
300 _a154 p.
650 _aETHNIC CONFLICT
942 _cBK
999 _c586
_d586